000 01073nam a22003497a 4500
001 BR7200643
003 BR-BrBNA
005 20230928083806.0
007 ta
008 230509b bl.||||| |||| 00| 0 por d
040 _aBR-BrBNA
_bpor
_cBiblioteca Nacional de Agricultura
041 _a(Por)
072 _aF00
_b2120
_b3530
_b/G514
090 _ 2120 BR7200643
100 1 _aSchiavone, A.C.
100 1 _aDeffune, D.
100 1 _aCamilotti, J.
100 1 _aShiki, S.
100 1 _aInoue, S.S.
100 1 _aCampos, W.
110 1 _aUniversidade Estadual de Maringa, PR (Brasil). Faculdade de Ciencias Economicas
_910655
245 1 _aProjeto para implantacao de viveiro de mudas de cafe no Sitio Dourados [Parana, Brasil]
260 3 _aMaringa, PR (Brasil):
_c1972.
300 _a30 p.
500 _a(*) Documento disponível no(a) Universidade Estadual de Maringa, PR (Brazil). Biblioteca Central
650 _aCAFE
650 _aPRATICA CULTURAL
650 _aVIVEIRO
650 _aMUDA
909 _a202309
_bLucia
_c55
_dLucia Elande
942 _cBK
999 _c15258
_d15258